000 01622nam a22002897i 4500
003 EG-ScBUE
005 20260512121346.0
008 100825s1990 sy a frbd 000 0 ara d
040 _aEG-ScBUE
_bara
_erda
_cEG-ScBUE
_dEG-ScBUE
082 0 4 _a534
_bب و ر
_222
100 1 _917715
_aبوردن، جلوريا ج.،
_eمؤلف.
245 1 0 _aأساسيات علم الكلام /
_cتأليف الدكتورة جلوريا ج. بوردن، قسم الكلام، جامعات تيمبل، فيلادلفيا، بنسلفانيا ، ومختبرات هاسكنز، نيوهيفن، كونيكت، الدكتورة كاثرين س. هاريس، قسم الكلام وعلوم السمع، مدرسة الخريجين، جامعة مدينو نيويورك، نيويورك، ومختبرات هاسكنز، نيوهيفن، كونيكت ؛ ترجمة الدكتور محيي الدين حميدي.
264 1 _aحلب :
_bدار الشرق العربي،
_c[1990]
300 _a501 صفحة :
_bإيضاحيات ؛
_c24 سم
336 _2rdacontent
_aنص
_btxt
337 _aبدون وسيط
_2rdamedia
_bn
338 _aمجلد
_bnc
_2rdacarrier
500 _aيشتمل على ملاحق.
500 _aيشتمل على قائمة بالمصطلحات.
500 _aتاريخ النشر من المقدمة.
504 _aيشتمل على إرجاعات ببليوجرافية.
650 7 _922274
_aعلم الكلام.
_2BUEsh
655 _vReading book
700 1 _917716
_aكاثرين، س. هاريس،
_eمؤلف.
700 1 _917717
_aحميدي، محيي الدين ،
_eمترجم.
942 _2ddc
_cBB
999 _c14697
_d14697